000 00563nam a2200241 a 4500
001 nice12345678
003 IN_TiNIC
005 20260116011557.0
008 050524s0000 seca grp 000 0 eng
020 _a
_c0
082 0 0 _a297.86
_bALL2
100 _aAlladin, A
245 _aMessage from Heaven.
260 _aSecunderabad
_bAnjuman-E-Taraqi-E-Islam
_c0000
300 _a28p.
500 _aincludes index and biblioraphy
505 2 _aindex
650 _aAhmadiyyah
700 1 _aAlladin, A
902 _bSRS
942 _cBK
999 _c2707
_d2707